<?xml version="1.0" encoding="UTF-8"?>
<marc:record xmlns:marc="http://www.loc.gov/MARC21/slim">
   <marc:leader>00000nam a2200000 a 4500</marc:leader>
   <marc:datafield ind1="0" ind2="0" tag="245">
      <marc:subfield code="a">Spaßhase, Pfeffernase, morgen kommt der Osterhase!</marc:subfield>
   </marc:datafield>
   <marc:datafield ind1="0" ind2="0" tag="245">
      <marc:subfield code="b">schräge Geschichten, Rätsel und Bastelideen für den Frühling</marc:subfield>
   </marc:datafield>
   <marc:datafield ind1=" " ind2="1" tag="264">
      <marc:subfield code="a">Köln</marc:subfield>
      <marc:subfield code="b">Baumhaus</marc:subfield>
      <marc:subfield code="c">2023</marc:subfield>
   </marc:datafield>
   <marc:datafield ind1=" " ind2=" " tag="250">
      <marc:subfield code="a">1. Auflage</marc:subfield>
   </marc:datafield>
   <marc:datafield ind1="1" ind2=" " tag="520">
      <marc:subfield code="a">Da lachen ja die Hühner - und wir gleich mit! Denn beim Lesen dieses Ostermitmachbuchs bleibt garantiert kein Hühnerauge trocken! Mit schrägen Geschichten über das Osterschwein oder das goldene Drachenei im Osternest, mit verrückten Rezepten von Hasenpizza bis Osterknusperhaus, mit tollen Ideen zum Eierfärben und -bemalen sowie kniffligen Osterrätseln und spannenden Funfacts über die Osterzeit wird das Warten auf den Osterhasen zu einem tierischen Vergnügen!</marc:subfield>
   </marc:datafield>
   <marc:datafield ind1=" " ind2=" " tag="020">
      <marc:subfield code="a">9783833907753</marc:subfield>
      <marc:subfield code="9">9783833907753</marc:subfield>
   </marc:datafield>
   <marc:datafield ind1=" " ind2=" " tag="020">
      <marc:subfield code="a">3833907754</marc:subfield>
      <marc:subfield code="9">3833907754</marc:subfield>
   </marc:datafield>
   <marc:datafield ind1=" " ind2=" " tag="041">
      <marc:subfield code="a">ger</marc:subfield>
   </marc:datafield>
   <marc:datafield ind1=" " ind2=" " tag="300">
      <marc:subfield code="a">128 Seiten</marc:subfield>
   </marc:datafield>
</marc:record>
